Uchhatar Madhyamic Ganit (Record no. 5376)

MARC details
000 -LEADER
fixed length control field 00537cam a2200205ua 4500
001 - CONTROL NUMBER
control field 6229
005 - DATE AND TIME OF LATEST TRANSACTION
control field 20260515114021.0
008 - FIXED-LENGTH DATA ELEMENTS--GENERAL INFORMATION
fixed length control field 131123n ii |||gr||||Z||||||asm
040 ## - CATALOGING SOURCE
Transcribing agency MAIN
082 ## - DEWEY DECIMAL CLASSIFICATION NUMBER
Classification number 510
245 ## - TITLE STATEMENT
Title Uchhatar Madhyamic Ganit
Statement of responsibility, etc. By Mahendra nath barua
260 ## - PUBLICATION, DISTRIBUTION, ETC.
Place of publication, distribution, etc. Guwahati:
Name of publisher, distributor, etc. Arun prakashan,
Date of publication, distribution, etc. 1998.
300 ## - PHYSICAL DESCRIPTION
Extent viii,112p.
653 ## - INDEX TERM--UNCONTROLLED
Uncontrolled term Commerce
653 ## - INDEX TERM--UNCONTROLLED
Uncontrolled term Ganit
700 ## - ADDED ENTRY--PERSONAL NAME
Personal name Barua,Mahendra Nath,
Relator term Author.,
700 1# - ADDED ENTRY--PERSONAL NAME
Personal name Mena,Bhabendra nath,
Relator term Author.
700 1# - ADDED ENTRY--PERSONAL NAME
Personal name Dutta,Tarini kumar,
Relator term Author.
942 ## - ADDED ENTRY ELEMENTS (KOHA)
Koha item type Books
Holdings
Withdrawn status Lost status Damaged status Not for loan Home library Current library Shelving location Date acquired Total checkouts Full call number Barcode Date last seen Copy number Price effective from Koha item type
        Naharkatiya College Library Naharkatiya College Library General stacks 09/19/2020   510 | BAR 13725 09/19/2020 1 09/19/2020 Books